| 000 | 00849cam a22002655a 4500 | ||
|---|---|---|---|
| 001 | 014926177 | ||
| 003 | OSt | ||
| 005 | 20180225151708.0 | ||
| 008 | 090303s2009 enk frb 001 0 eng d | ||
| 020 | _a9780335233793 | ||
| 020 | _a0335233791 | ||
| 040 |
_aStDuBDS _beng _cStDuBDS _dUk _dEG-ScBUE |
||
| 082 | 0 | 4 |
_a370.15230941 _222 _bBLA |
| 100 | 1 |
_aBlanchard, John, _d1947- |
|
| 245 | 1 | 0 |
_aTeaching, learning and assessment / _cJohn Blanchard. |
| 260 |
_aMaidenhead : _bOpen University Press, _c2009. |
||
| 300 |
_axii, 213 p. ; _c24 cm. |
||
| 504 | _aIncludes bibliographical references and index. | ||
| 650 | 7 |
_aStudent-centered learning _zGreat Britain. _2BUEsh |
|
| 650 | 7 |
_aCurriculum-based assessment _zGreat Britain. _2BUEsh |
|
| 650 | 7 |
_aTeaching _zGreat Britain. _2BUEsh |
|
| 651 | _2BUEsh | ||
| 653 |
_bGGEN _cFebruary2018 |
||
| 942 | _2ddc | ||
| 999 |
_c26170 _d26142 |
||